Guía Geológica. Un recorrido geoturístico por el área marina costera protegida Isla Grande de Atacama.

Wedi'i Gadw mewn:
Manylion Llyfryddiaeth
Prif Awdur: Abad, Manuel (autor)
Awduron Eraill: Maldonado, Nicole (autora), Izquierdo, Tatiana (autora), Bernárdez, Enrique (autor), Cáceres, Miguel (autor)
Fformat: Llyfr
Cyhoeddwyd: Ciudad de Copiapó, Chile: Universidad de Atacama Editores, 2019.
Santiago, Chile: RIL Editores, 2019.
Pynciau:
Tagiau: Ychwanegu Tag
Dim Tagiau, Byddwch y cyntaf i dagio'r cofnod hwn!

MARC

LEADER 00000nam a22000007a 4500
003 CL-VaPUC
005 20230104114349.0
008 221115t2018 ||||| |||| 00| 0 eng d
999 |c 439388  |d 439386 
020 |a 978-956-01-0679-7 
040 |c Pontificia Universidad Católica de Valparaíso 
082 |a 551.46 ABA 2019  |2 22 
100 1 |a Abad, Manuel  |e autor  |9 878449 
245 |a Guía Geológica.  |b Un recorrido geoturístico por el área marina costera protegida Isla Grande de Atacama. 
260 |a Ciudad de Copiapó, Chile:  |b Universidad de Atacama Editores,   |c 2019. 
260 |a Santiago, Chile:  |b RIL Editores,  |c 2019. 
300 |a 118 páginas. 
500 |a c.1. Donación Rector saliente Claudio Elortegui, Julio 2022. 
583 |c 20221115  |k Catalogador Asistente 
650 0 |9 350527  |a Geología marina   |z Isla Grande de Atacama   |z Chile  
650 0 |a Geología   |x Áreas marinas costeras  |z Chile   |9 878664 
651 0 |9 443691  |a Desierto de Atacama  |x Patrimonio geológico y científico   |z Chile  
700 |a Maldonado, Nicole  |e autora  |9 878450 
700 |a Izquierdo, Tatiana  |e autora  |9 878451 
700 |a Bernárdez, Enrique  |e autor  |9 878452 
700 |a Cáceres, Miguel  |e autor  |9 878453 
942 |2 ddc  |c BK 
952 |0 0  |1 0  |2 ddc  |4 0  |6 551_460000000000000_ABA_2019  |7 0  |8 A  |9 587698  |a BIBING  |b BIBING  |c GEN  |d 2022-11-15  |e Donación  |i 5655569  |o 551.46 ABA 2019  |p 5655569  |r 2025-01-20  |t 1  |w 2022-11-15  |y BK  |k GEO